00605 2200229 4500001002100000005001500021035002000036008004100056245007500097100002200172250001000194260003700204300002700241020002200268084001600290082001000306650001900316990001000335990001000345990001000355990001000365INLIS00000000001204720260424105553 a0010-0426000018260424 g 0 ind 1 aAku ingin bangun dimasa lalu sebagai anak kecilmu /cUrfa Qurrota Ainy aUrfa Qurrota Ainy aCet.1 aYogyakarta :bMojok Group,c2025 ax, 124 hlm ;c13x19 cm a978-623-8463-20-6 a155.4 URF a a155.4 4aPsikologi anak a58263 a58264 a58265 a58266